000 01031nam a2200301 i 4500
001 93176
003 ES-MaACL
005 20250804044550.0
007 t|
008 050408s1977 sp |||| | spa d
020 _a84-292-8734-5
080 _a1(38)"-03/-00"
100 1 _aLong, Anthony A.
_973225
245 1 0 _aFilosofía helenística
_b: estoicos, epicúreos, escépticos /
_cAnthony A. Long ; traducción del inglés P. Jordán de Urries.
260 _aMadrid :
_bRevista de Occidente,
_c1977.
300 _a255 p. ;
_c21 cm.
490 1 _aBiblioteca de la Revista de Occidente.
_aFilosofía ;
_v34
500 _aÍndices.
504 _aBibliografía: p. 241-248.
650 0 7 _aFilosofía helenística
_2embne
_912852
650 0 0 _aEstoicismo.
_912555
650 _aEpicureísmo.
_9171941
650 0 0 _aEscépticos.
_912356
700 1 _aJordán de Urries, P.
_966919
830 1 _aBiblioteca de la Revista de Occidente.
_aFilosofía ;
_v34
_9184249
852 _aES-MaACL
_jA-6725
999 _c93176
_d93176